What's wrong with the worls? (Registro nro. 85864)

Detalles MARC
000 -ENCABEZADO
Número de control [NR] 00681nam a22001937a 4500
008 - DE LONGITUD FIJA DE DATOS DE ELEMENTOS - INFORMACIÓN GENERAL
Elementos de longitud fija [NR] 130821s1910 gw gr eng
040 ## - FUENTE DE CATALOGACION [NR]
Agencia de catalogación original [NR] Co-BoUCM
Idioma de catalogación [NR] spa
041 00 - CODIGO DE IDIOMA [R]
Código de idioma para texto/pista de sonido o título separado [R] Inglés
100 ## - ASIENTO PRINCIPAL--NOMBRE PERSONAL [NR]
Nombre personal [NR] Chesterton, Gilbert Keith
Fechas asociadas con el nombre [NR] 1874-1936
ID Autoridad 130082
245 00 - MENCION DE TITULO [NR]
Título [NR] What's wrong with the worls?
Mención de responsabilidad, etc. [NR] Gilbert Keith Chesterton
260 ## - PUBLICACION, DISTRIBUCION, ETC. (PIE DE IMPRENTA) [R]
Lugar de publicación, distribución, etc. [R] Leipzig (Sajonia, Alemania)
Nombre del editor, distribuidor, etc. [R] Bernhard Tauchnitz
Fecha de publicación, distribución, etc. [R] 1910
300 ## - DESCRIPCION FISICA [R]
Extensión [R] 280 páginas
500 ## - NOTA GENERAL [R]
Nota general [NR] Incluye índice
650 04 - ASIENTO SECUNDARIO DE MATERIA - TERMINO TEMATICO [R]
Término temático o nombre geográfico como elemento de entrada [NR] Ensayos, conferencias, etc.
9 (RLIN) 7572
650 04 - ASIENTO SECUNDARIO DE MATERIA - TERMINO TEMATICO [R]
Término temático o nombre geográfico como elemento de entrada [NR] Literatura inglesa
9 (RLIN) 272
650 04 - ASIENTO SECUNDARIO DE MATERIA - TERMINO TEMATICO [R]
Término temático o nombre geográfico como elemento de entrada [NR] Literatura inglesa
Subdivisión de forma [R] Ensayos, conferencias, etc.
9 (RLIN) 272
942 ## - ELEMENTOS DE ENTRADA AGREGADOS (KOHA)
Tipo de ítem principal el descrito en 300a Libro
Tema principal Literatura
Edición 1
Parte restante de la signatura top. CH37
Título oculto en OPAC No
Sistema de clasificación DEWEY
Clasificación 820
Existencias
Signatura topográfica Código de barras Última vez visto Ejemplar Price effective from Tipo de ítem Perdido Sistema de clasificación Dañado No prestable Tipo de ítem específico Suprimido Ubicación habitual Ubicación actual Localización Fecha de creación Forma de adquisición Costo
FCS 820 CH37 120001342 09/07/2012 Ej.1 03/02/2013 Libro   DEWEY     Fondos especiales     Archivo Histórico Archivo histórico 28/02/2003 Donación 1000.00